01178nam a2200241 a 450000100100000000500170001000800410002702000150006810000380008324501300012124601270025126000720037830000280045049000350047850400730051350400240058671000600061071000890067083000420075995201050080199900170090604000130092300004108620201002034616.0130917s1987 000 spa d a84000657781 aBernabeu Albert, Salvador.96759810a1892 : el IV Centenario del descubrimiento de América en España, coyuntura y conmemoraciones /cSalvador Bernabeu Albert.13aMil ochocientos noventa y dos :bel IV Centenario del descubrimiento de América en España, coyuntura y conmemoraciones aMadrid :bConsejo Superior de Investigaciones Científicas,c1987. a206 p. :bil. ;c25 cm.1 aTierra nueva e cielo nuevov20 aIncluye referencias bibliográficas y notas al pie de las páginas aBibliografía : p.2 aConsejo Superior de Investigaciones Científicas947862 aCentro de Estudios Históricos. Departamento de Historia de América, 1987.967599 0aTierra nueva e cielo nuevon20967600 001050718MOaGRbGRcCTd2013-09-17iLF1l0o p41086-10r2020-06-25w2020-06-25y1ZNo se presta c40576d40576 aDO-SdBNP